Регионална библиотека "Любен Каравелов" - Русе

За литературата, живота и всичко останало (Запис номер 491133)

MARC детайли
000 -Лидер
Лидер 01704nam a2200313 a 4500
003 - Код на организацията, давaща контролен номер
Код на организацията, даваща контролен номер BLK
005 - Дата и час на последна редакция
Дата и час на последна редакция 20240702113704.0
008 - Елементи от данни с фиксирана дължина
Елементи с фиксирана дължина 180412b bul|||||r ||||||| ||bul||
020 ## - Международен стандартен номер на книга ISBN
ISBN 978-619-00-1577-2
040 ## - Източник на каталожния запис
Код на библиотеката BLK
041 ## - Код за език
Език Български
Език за КДБФ Български
080 ## - УДК
УДК текст Българска литература
УДК код 821.163.2.09
УДК – код + определител 821.163.2.09
084 ## - Класификационен индекс по друга класификация
Авторски знак Караг - К 30
100 ## - Редна дума - Автор
Автор Карадочев, Иван Цочев
R(LIN) 255415
Години, свързани с автора 1951 - 2021
245 ## - Сведения за заглавието
Заглавие За литературата, живота и всичко останало
Авторска отговорност Иван Карадочев ; ред. кол. Христо Трендафилов и др.
257 ## - Страна на издаване
Страна на създаване/издаване България
260 ## - Област на издателските данни
Място на издаване В. Търново
Име на издателя Фабер
Година на издаване 2022
9 (RLIN) 209950
Издателство - префикс ISBN 978-619-00- ; 978-954-400- ; 978-954-775- ; 954-9541-
300 ## - Физическа характеристика
Брой страници 358 с.
Размер 24 см
380 ## - Жанр
Жанр Литературознание
500 ## - Общи забележки
Обща забележка Други ред.: Теменуга Тенева, Владимир Диловски, Николай Калев, Надежда Романова. - Обратният епос на критика / Христо Трендафилов: с. 7-23 ; Паметно: с. 316-350 ; Биогр. справка: с. 351. - Съдържа интервюта от: Атанас Бонев, Надежда Романова, Антоний Димов, Николай Калев, Станчо Пенчев
650 #0 - Допълнително описание по предмет – тема
Предметна рубрика Българска литература - история и критика
9 (RLIN) 287605
650 #0 - Допълнително описание по предмет – тема
Предметна рубрика България - литературознание
9 (RLIN) 244446
852 ## - Местоположение
Сигнатура (форматна) Цб 317692
852 ## - Местоположение
Отдел Заемна - подръчен фонд
Систематично-азбучна сигнатура 821.163.2.09/К 30 И
942 ## - АРТИКУЛИ
Вид на библиотечния документ Книги
Скрит в OPAC Не
Периодичен библиозапис Да
944 ## - СЪЗДАВАНЕ И РЕДАКЦИЯ на ЗАПИСА
Създаване/Редакция Създаване
Дата на регистрацията/редакция 2023-05-05
Служител, извършил регистрацията/редакцията 30560
Номер на служител Геновева Генчева
944 ## - СЪЗДАВАНЕ И РЕДАКЦИЯ на ЗАПИСА
Създаване/Редакция Редакция
Дата на регистрацията/редакция 2024-07-02
Служител, извършил регистрацията/редакцията ГГГ
999 ## - СИСТЕМНИ КОНТРОЛНИ НОМЕРА
Koha biblionumber 491133
Koha biblioitemnumber 491133
Наличности
Код за отписване Код за изгубен артикул Източник на класификационната схема Код за повреда Коз за рестрикции Код за отдаване Артикулен № Име на библиотеката - собственик Име на библиотеката, в която се намира в момента Статус (Текущо местоположение) Дата на вписване в системата Местоположение - отдел Цена в лева Инвентарен номер Систематично азбучна сигнатура Баркод Цена в евро Служебен тип на артикула Номерация (Хронология)
  Не е изгубен Universal Decimal Classification Не е повреден само за читалня ползва се в читалня 928220 Регионална библиотека "Любен Каравелов" Русе Регионална библиотека "Любен Каравелов" Русе Хранилище 2023-05-10 Хранилище 20.00 120000887394 Цб 317692 120000887394 10.23 Книги  
  Не е изгубен Universal Decimal Classification Не е повреден   заемане за дома 945766 Регионална библиотека "Любен Каравелов" Русе Регионална библиотека "Любен Каравелов" Русе Заемна - подръчен фонд 2024-07-09 Заемна - подръчен фонд 20.00 120000910908 821.163.2.09/К 30 И 120000910908 10.23 Книги  
  Не е изгубен Universal Decimal Classification Не е повреден само за читалня ползва се в читалня 945976 Регионална библиотека "Любен Каравелов" Русе Регионална библиотека "Любен Каравелов" Русе Хранилище 2024-07-16 Основен фонд - ползва се само за читалня 25.00 120000911116 Цб 323899 120000911116 12.78 Книги Автограф: Николай Калев
Vip Innovations Ltd, Rousse, Bulgaria 2025